Challenges in intellectual property protection : (Record no. 24205)
[ view plain ]
| 000 -LEADER | |
|---|---|
| fixed length control field | 01058cam a22002535a 4500 |
| 001 - CONTROL NUMBER | |
| control field | 13529436 |
| 005 - DATE AND TIME OF LATEST TRANSACTION | |
| control field | 20170220122553.0 |
| 008 - FIXED-LENGTH DATA ELEMENTS--GENERAL INFORMATION | |
| fixed length control field | 040319s1999 ua a fr 100 0 eng d |
| 010 ## - LIBRARY OF CONGRESS CONTROL NUMBER | |
| LC control number | 00286048 |
| 020 ## - INTERNATIONAL STANDARD BOOK NUMBER | |
| Cancelled/invalid ISBN | 9775777090 |
| 040 ## - CATALOGING SOURCE | |
| Original cataloging agency | DLC |
| Language of cataloging | eng |
| Transcribing agency | DLC |
| Modifying agency | DLC |
| -- | EG-ScBUE |
| 043 ## - GEOGRAPHIC AREA CODE | |
| Geographic area code | ma----- |
| 082 04 - DEWEY DECIMAL CLASSIFICATION NUMBER | |
| Classification number | 346.048 |
| Item number | CHA |
| Edition number | 22 |
| 111 2# - MAIN ENTRY--MEETING NAME | |
| Meeting name or jurisdiction name as entry element | AIPPI International Symposium |
| Date of meeting | (1997 : |
| Location of meeting | Cairo, Egypt) |
| 245 10 - TITLE STATEMENT | |
| Title | Challenges in intellectual property protection : |
| Remainder of title | international & Arab world perspectives : proceedings of AIPPI International Symposium in Cairo organized by the Egyptian National Group of AIPPI, 21-23 October 1997. |
| 260 ## - PUBLICATION, DISTRIBUTION, ETC. (IMPRINT) | |
| Place of publication, distribution, etc | [Cairo?] : |
| Name of publisher, distributor, etc | AEPPI, |
| Date of publication, distribution, etc | [1999?] |
| 300 ## - PHYSICAL DESCRIPTION | |
| Extent | 273 p. : |
| Other physical details | ill. (some col.) ; |
| Dimensions | 24 cm. |
| 650 #7 - SUBJECT ADDED ENTRY--TOPICAL TERM | |
| Topical term or geographic name as entry element | Intellectual property (International law) |
| Form subdivision | Congresses. |
| Source of heading or term | BUEsh |
| 650 #7 - SUBJECT ADDED ENTRY--TOPICAL TERM | |
| Topical term or geographic name as entry element | Intellectual property |
| Geographic subdivision | Arab countries |
| Form subdivision | Congresses. |
| Source of heading or term | BUEsh |
| 651 ## - SUBJECT ADDED ENTRY--GEOGRAPHIC NAME | |
| Source of heading or term | BUEsh |
| 653 ## - INDEX TERM--UNCONTROLLED | |
| Resource For college | Law |
| Arrived date list | February2017 |
| 710 2# - ADDED ENTRY--CORPORATE NAME | |
| Corporate name or jurisdiction name as entry element | International Association for the Protection of Industrial Property. |
| Subordinate unit | Egyptian National Group. |
| 942 ## - ADDED ENTRY ELEMENTS (KOHA) | |
| Source of classification or shelving scheme | Dewey Decimal Classification |
| Withdrawn status | Item status | Source of classification or shelving scheme | Damaged status | Not for loan | Vendor | Home library | Current library | Shelving location | Date acquired | Source of acquisition | Cost, normal purchase price | Serial Enumeration / chronology | Total Checkouts | Full call number | Barcode | Date last seen | Cost, replacement price | Koha item type | Total Renewals | Date last borrowed |
|---|---|---|---|---|---|---|---|---|---|---|---|---|---|---|---|---|---|---|---|---|
| Dewey Decimal Classification | دار النهضة العربية | Central Library | Central Library | First floor | 20/02/2017 | Purchase | 70.00 | 2815 | 346.048 CHA | 000041181 | 15/07/2025 | 87.50 | Book - Borrowing | |||||||
| Dewey Decimal Classification | دار النهضة العربية | Central Library | Central Library | First floor | 20/02/2017 | Purchase | 70.00 | 2815 | 1 | 346.048 CHA | 000041182 | 15/07/2025 | 87.50 | Book - Borrowing | 10 | 21/11/2021 |